00863cam a22002295a 45000010009000000050017000090080041000260200018000670400033000850820020001181000019001382450079001572600057002363000033002935040051003266500053003776510010004306530025004409420008004659990017004739520143004901783994120161122141157.0130805t2014 njua frb 001 0 eng d a9781118592496 aDLCbengcDLCdDLCdEG-ScBUE04a005.14222bSUR1 aSuryn, Witold.10aSoftware quality engineering :ba practitioner's approach /cWitold Suryn. aHoboken :bJohn Wiley & Sons :bIEEE Press,cc.2014. aix, 193 p. :bill. ;c25 cm. aIncludes bibliographical references and index. 7aComputer softwarexQuality control.2BUEsh94818 2BUEsh bCOMSCIcNovember2016 2ddc c23278d23250 00102ddc40708BaccahaMAINbMAINcLOWd2016-11-22ePurchaseg799.50h2000088l0o005.14 SURp000034992r2025-07-15 00:00:00v999.38yBB